जब फुलवा हंसी (Record no. 188137)

MARC details
000 -LEADER
fixed length control field 00398nam a2200145Ia 4500
008 - FIXED-LENGTH DATA ELEMENTS--GENERAL INFORMATION
fixed length control field 090124s9999 xx 000 0 und d
082 ## - DEWEY DECIMAL CLASSIFICATION NUMBER
Item number 206521
245 ## - TITLE STATEMENT
Title जब फुलवा हंसी
250 ## - EDITION STATEMENT
Edition statement 1
260 ## - PUBLICATION, DISTRIBUTION, ETC. (IMPRINT)
Name of publisher, distributor, etc सरस प्रभा
Date of publication, distribution, etc 2002
300 ## - PHYSICAL DESCRIPTION
Extent 12
630 ## - SUBJECT ADDED ENTRY--UNIFORM TITLE
Uniform title जब फुलवा हंसी
730 ## - ADDED ENTRY--UNIFORM TITLE
Uniform title जब फुलवा हंसी
942 ## - ADDED ENTRY ELEMENTS (KOHA)
Koha item type Book
Holdings
Withdrawn status Lost status Damaged status Not for loan Home library Current library Date acquired Cost, normal purchase price Total Checkouts Full call number Barcode Date last seen Cost, replacement price Price effective from Koha item type
        Marathi Granth Sangrahalaya,Thane Marathi Granth Sangrahalaya,Thane   6.00   206521 THNMGS-206521 01/24/2009 6.00 01/24/2009 Book